000 00573nam a22001697a 4500
999 _c19878
_d19878
008 240326b ||||| |||| 00| 0 eng d
020 _a0070283109
082 _aDC 658.409
_bH36 1986
100 _aHeller, Robert.
_955471
245 _aThe naked manager :
_bgames executives play /
_cRobert Heller.
260 _aNew York :
_bMcGraw-Hill,
_c©1986.
300 _axi, 397 pages :
_billustrations ;
_c20 cm.
500 _aIncludes index.
650 _aIndustrial management
_yGreat Britain.
_955675
650 _aIndustrial management
_zUnited States.
_955676
942 _2ddc
_cDC